Очарованная душа (Запис № 322933)

МАРК-запис
000 -Лідер
fixed length control field 00713nam a22002537a 4500
001 - Контрольний номер
control field 36729
003 - Ідентифікатор контрольного номера
control field UA-OsUOA
005 - Дата та час останнього входження (трансакції)
control field 20210813101752.0
007 - Фіксоване поле фізичного опису
fixed length control field ta
008 - Елементи даних фіксованої довжини – загальна інформація
fixed length control field 20060213b un ||||| |||| 00| 0 ukr d
040 ## - Джерело каталогізації
Агенція оригінальної каталогізації UA-OsUOA
Мова каталогізації rus
Агенція, яка здійснювала перезапис UA-OsUOA
Агенція, яка здійснювала модифікацію UA-OsUOA
041 ## - Код мови
Код мови тексту/ звукової доріжки чи окремого заголовка (П) rus
080 ## - Індекс Універсальної десяткової класифікації
Індекс Універсальної десяткової класифікації (УДК) (НП) 82-31,133,1
090 ## - Локальний шифр розміщення
Класифікаційний індекс УДК 82-31,133,1
Авторський знак (НП) Р67
100 ## - Основне введення – ім’я особи
Ім’я особи (НП) Роллан Р.
245 ## - Відомості про назву
Назва (НП) Очарованная душа
Решта назви (НП) роман
260 ## - Публікація, розповсюдження і т.п. (Вихідні дані)
Місце публікації, розповсюдження і т.п. (П) К.
Ім’я/ наймення видавництва, розповсюджувача і т.п. (П) Радянська школа
Дата публікації, розповсюдження і т.п. (П) 1989
300 ## - Фізичний опис
Обсяг 574 с.
505 ## - Форматована примітка про зміст
Змішана інформація Т.1
650 #7 - Додаткове предметне введення – тематичний термін
Тематичний термін чи географічна назва, як елемент введення (НП) 82 Література. Літературознавство
Джерело заголовка чи терміна UDC
942 ## - Додаткові елементи входу (Коха)
Тип елемента Koha Книги
Source of classification or shelving scheme Universal Decimal Classification
955 ## - Код типу видання за змістом
Код типу видання за змістом (НП) Літературно-художні видання
Фонди
Стан вилучень Стан втрат Джерело класифікації або схеми стелажів Стан уражень Не для кредиту Постійне місце розташування Поточне розміщення Дата придбання Інвентарний номер Усього замовленно Повний номер виклику Штрих-код Дата останнього перегляду Ціна ефективна від Тип елемента Koha Джерело придбання Вартість, звичайна ціна покупки Дата останньої перевірки
    Universal Decimal Classification     АБ - Абонемент НБ АБ - Абонемент НБ 18/04/2013 41963   82-31,133,1 Р67 41963 26/04/2022 13/02/2006 Книги      
    Universal Decimal Classification     АБ - Абонемент НБ АБ - Абонемент НБ 13/02/2006 94860 1 82-31,133,1 Р67 94860 26/04/2022 13/02/2006 Книги 14/2006 15.00 11/03/2020
    Universal Decimal Classification     АБ - Абонемент НБ АБ - Абонемент НБ 22/04/2013 42528   821.133.1 Р67 42528 26/04/2022 22/04/2013 Книги